Quiz sur le football belge - Statistiques

Statistiques générales
  • Ce quiz a été pris 1 190 fois
  • Le résultat moyen est 11 sur 17
Statistiques - réponses
Question Réponse % Correct
Club qui a remporté le plus de titres de champions de Division 1A Anderlecht
95%
Meilleur buteur de la sélection Romelu Lukaku
89%
Joueurs belges élu meilleur gardien de la coupe du Monde Thibaut Courtois
89%
3ème au Ballon d'Or en 2022, ce joueur a réalisé la meilleur performance d'un belge à cette cérémonie Kevin De Bruyne
86%
Citez les deux équipes ayant éliminé la Belgique en demi-finales d'une coupe du monde France
85%
Le surnom des joueurs de l’équipe nationale belge Les Diables Rouges
82%
Dans quel club belge Jean-Pierre Papin a-t-il joué ? Club Bruges KV
77%
Nom du sélectionneur de la Belgique lors de la coupe du monde 2018 Roberto Martinez
76%
En 2021, la ligue professionnelle belge de football a voté à l’unanimité pour la fusion de son championnat avec celui de quel pays ? Pays-Bas
75%
Joueur ayant été le plus de fois capitaine de la sélection belge Eden Hazard
74%
Citez les deux équipes ayant éliminé la Belgique en demi-finales d'une coupe du monde Argentine
60%
Joueur le plus capé de la selection Jan Vertonghen
55%
Quel club est sur une série de 100 saisons consécutives en division 1 ? Standard de Liège
50%
Joueurs belges élu meilleur gardien de la coupe du Monde Michel Preud'Homme
46%
Année de l'unique participation de la Belgique à la finale du championnat d'Europe de football 1980
45%
Année de la victoire de l'équipe de Belgique aux Jeux olympiques 1920
38%
Contre quel club le Royal Antwerp Football Club a-t-il perdu la finale de coupe des coupes en 1993 ? Parme Calcio 1913
7%
Aucun quiz correspondant
Distribution des résultats
% des personnes avec chaque résultat
Percentile par nombre de réponses
Votre historique - résultats
Vous n’avez pas pris ce quiz